[Event "Havana Giraldilla op"]
[Site "Havana"]
[Date "2024.08.12"]
[Round "2"]
[White "Romero Contreras, Roidel"]
[Black "Menendez Fajardo, Diego Alejandro"]
[Result "1-0"]
[WhiteElo "1636"]
[BlackElo "1537"]
[PlyCount "117"]
[EventDate "2024.08.12"]
[EventType "swiss"]
[EventRounds "9"]
[EventCountry "CUB"]
[SourceTitle "CBM 221 Extra"]
[Source "ChessBase"]
[SourceDate "2024.09.30"]
[SourceVersion "1"]
[SourceVersionDate "2024.09.30"]
[SourceQuality "1"]

1. e4 e5 2. Nf3 Nc6 3. d4 exd4 4. Nxd4 Nf6 5. Nxc6 bxc6 6. Qe2 Bc5 7. Bg5 0-0 8. Qf3 Bd4 9. c3 Be5 10. Nd2 d5 11. h3 Qd6 12. 0-0-0 a5 13. Qe3 Re8 14. f4 Bxf4 15. Bxf4 Qe7 16. e5 Nd7 17. g4 Nxe5 18. Bxe5 Qxe5 19. Qxe5 Rxe5 20. Bd3 a4 21. Rde1 Rxe1+ 22. Rxe1 Be6 23. Nf3 a3 24. b3 c5 25. Ng5 Bd7 26. Re7 Be6 27. Nxe6 fxe6 28. Rxe6 Rf8 29. Kd2 Rf2+ 30. Be2 Rh2 31. Ra6 Rxh3 32. Rxa3 Rg3 33. Ra7 c6 34. Rc7 c4 35. bxc4 dxc4 36. Bxc4+ Kf8 37. Be2 Rh3 38. Rxc6 g6 39. a4 Rh1 40. a5 Ra1 41. a6 Ke8 42. Rc7 Kd8 43. Rxh7 Ra2+ 44. Ke3 Ra3 45. Kd4 Ra5 46. a7 Ke8 47. Bf3 Kd8 48. a8Q+ Rxa8 49. Bxa8 Kc8 50. Ke5 Kb8 51. Kf6 g5 52. Be4 Kc8 53. Kxg5 Kd8 54. Kf6 Kc8 55. g5 Kd8 56. g6 Kc8 57. Rf7 Kd8 58. g7 Kc8 59. g8Q# 1-0